
Library Catalogue

| 000 -LEADER | |
|---|---|
| fixed length control field | 01763nam a2200217Ia 4500 |
| 003 - CONTROL NUMBER IDENTIFIER | |
| control field | OSt |
| 005 - DATE AND TIME OF LATEST TRANSACTION | |
| control field | 20210512153916.0 |
| 008 - FIXED-LENGTH DATA ELEMENTS--GENERAL INFORMATION | |
| fixed length control field | 160316s2005 xxu||||| |||| 00| 0 eng d |
| 040 ## - CATALOGING SOURCE | |
| Transcribing agency | NLS |
| 082 ## - DEWEY DECIMAL CLASSIFICATION NUMBER | |
| Classification number | 344.041 LAL |
| 100 ## - MAIN ENTRY--PERSONAL NAME | |
| Personal name | Lal Rakesh |
| 245 ## - TITLE STATEMENT | |
| Title | Substance use disorder : manual for physicians |
| 260 ## - PUBLICATION, DISTRIBUTION, ETC. | |
| Place of publication, distribution, etc. | New Delhi |
| Name of publisher, distributor, etc. | National Drug Dependence Treatment Centre |
| Date of publication, distribution, etc. | 2005 |
| 300 ## - PHYSICAL DESCRIPTION | |
| Extent | 208p |
| 365 ## - TRADE PRICE | |
| Price amount | Gratis |
| 505 ## - FORMATTED CONTENTS NOTE | |
| Formatted contents note | Contents:<br/>Preface;<br/> Foreword;<br/> Acknowledgements;<br/> 1. Drug De-addiction Programmes in India;<br/>2. Assessment and Diagnosis in Substance Use Disorder;<br/>3. Epidemiology of Substance Use;<br/>4. Acute Effects of Alcohol, Opioid and Cannabis Use;<br/>5. Health Hazards of Long Term Alcohol, Opioid and Cannabis Use;<br/>6. Treatment Principles and Issues in Management of Substance Use Disorder – An Overview;<br/>7. Pharmacotherapy of Substance Use Disorder;<br/>8. Long-Term Treatment of Opioid Dependence Syndrome;<br/>9. Psychosocial Treatment in Substance Use Disorder Contents;<br/>10. Community-based Treatment of Substance Use Disorder;<br/>11. Nicotine Dependence;<br/>12. Intervention with Treatment Non Seekers;<br/>13. Role of Laboratory Services in Substance Use Disorder;<br/>14. Prevention of Substance Abuse in India;<br/>15. Management of Substance Use Disorder in Primary Care;<br/>16. Comorbidity in Substance Use Disorder;<br/>17. Substance use disorder in Women;<br/>18. Adolescent Substance Abuse;<br/>19. Legal Aspects of Drug Abuse in India;<br/>Appendix 1;<br/>Appendix 2;<br/> Appendix 3;<br/>Appendix 4;<br/>Appendix 5;<br/>Appendix 6;<br/>Appendix 7;<br/>Appendix 8;<br/>List of Contributors;<br/>Glossary. |
| 650 ## - SUBJECT ADDED ENTRY--TOPICAL TERM | |
| Topical term or geographic name entry element | 1. Medical Law 2. Substance Abuse - Treatment |
| 700 ## - ADDED ENTRY--PERSONAL NAME | |
| Personal name | |
| -- | |
| 856 ## - ELECTRONIC LOCATION AND ACCESS | |
| Uniform Resource Identifier | <a href="http://www.antoniocasella.eu/archila/Lal_Manual_2005.pdf">http://www.antoniocasella.eu/archila/Lal_Manual_2005.pdf</a> |
| 942 ## - ADDED ENTRY ELEMENTS (KOHA) | |
| Source of classification or shelving scheme | Dewey Decimal Classification |
| Koha item type | BOOKs |
| Withdrawn status | Lost status | Source of classification or shelving scheme | Damaged status | Not for loan | Home library | Current library | Shelving location | Date acquired | Total Checkouts | Full call number | Barcode | Date last seen | Price effective from | Koha item type | Public note |
|---|---|---|---|---|---|---|---|---|---|---|---|---|---|---|---|
| Dewey Decimal Classification | . | . | Library Compactors | 30.05.2017 | 344.041 LAL | 27560 | 30.05.2017 | 30.05.2017 | BOOKs | This book is accompanied by a CD |